000 00522nam a2200205 a 4500
001 22998
003 CO-ViMGA
008 141112s2004 ck r 000 u spa d
020 _a9580491216
040 _aCO-ViMGA
_bspa
_cCO-ViMGA
082 0 4 _aMCKm
100 1 _aMickee, David
_933062
245 1 0 _aElmer y mariposa
260 _aColombia :
_bNorma
300 _a32p.
505 _aElmer y mariposa
650 1 4 _aCUENTOS INFANTILES INGLESES
_915884
650 1 4 _aVALORES - CUENTOS INFANTILES
_933063
942 _2ddc
_cBK
999 _c31284
_d31284